• 首页
  • 本馆介绍
  • 公告通知
  • 最新文献
  • 馆藏检索
  • 电子资源
  • 读者导购
  • 参考咨询
  • 我的图书馆
  • 登录
  • 详细信息显示
  • 放入我的书架
  • 预约/预借图书
  • 作者相关作品
  • 分类相关作品
  • 丛书相关作品
  • 出版社相关作品

书目信息

  • 表格格式
  • 工作单格式
  • 卡片格式
题名:
原始时代及古埃及艺术
    
 
作者: 张石森 , 岳鑫 主编
分册:  
出版信息: 呼和浩特   远方出版社  2006
页数: 238页
开本: 21cm
丛书名: 世界美术全鉴
单 册:
中图分类: J110.92 , J141.109.2
科图分类:
主题词: 原始美术--美术史--世界 , 美术史--埃及--古代
电子资源:
ISBN: 7-80723-082-7
000 00862oam2 2200277 450
001 1556306930
005 20150118153904.84
010    @a7-80723-082-7@dCNY30.00
100    @a20060124d2006 em y0chiy50 ea
101 0  @achi
102    @aCN@b150000
105    @aa z 000yy
200 1  @a原始时代及古埃及艺术@Ayuan shi shi dai ji gu ai ji yi shu@f张石森,岳鑫主编
210    @a呼和浩特@c远方出版社@d2006
215    @a238页@c图@d21cm
225 2  @a世界美术全鉴
330    @a本书内容包括:原始美术、古代埃及美术、非洲黑人美术、美州美术。
461  0 @12001 @a世界美术全鉴
606 0  @a原始美术@x美术史@y世界
606 0  @a美术史@y埃及@z古代
690    @aJ110.92@v5
690    @aJ141.109.2@v5
701  0 @a张石森@Azhang shi sen@c(编辑)@4主编
701  0 @a岳鑫@Ayue xin@c(图片编辑)@4主编
801  0 @aCN@bTSSF@c20150118
905    @aZUCC@dJ110.92@eJY37
    
    原始时代及古埃及艺术/张石森,岳鑫主编.-呼和浩特:远方出版社,2006
    238页:图;21cm.-(世界美术全鉴)
    
    
    ISBN 7-80723-082-7:CNY30.00
    本书内容包括:原始美术、古代埃及美术、非洲黑人美术、美州美术。
●
相关链接 在E读中查询图书 在五车中查询图书 在当当中查询图书 在豆瓣中查询图书


正题名:原始时代及古埃及艺术     索取号:J110.92/JY37         预约/预借

序号 登录号 条形码 馆藏地/架位号 状态 备注
1 7847820   278478201   学院路分馆/ [索取号:J110.92/JY37] 在馆    
2 7847821   278478210   学院路分馆/ [索取号:J110.92/JY37] 在馆    
3 7847822   278478229   学院路分馆/ [索取号:J110.92/JY37] 在馆    
唐山师范学院图书馆 欢迎您!
大连网信软件有限公司© 版权所有